Qui présente cette émission télévisée ? - 2021 #3 - Statistiques

Statistiques générales
  • Ce quiz a été pris 230 fois
  • Le résultat moyen est 7 sur 10
Statistiques - réponses
Emission Canal Présentateur % Correct
Les 12 coups de Midi TF1 Jean-Luc Reichmann
95%
Vendredi Tout Est Permis TF1 Arthur
93%
Touche Pas à Mon Poste C8 Cyril Hanouna
93%
Maison à Vendre M6 Stéphane Plaza
93%
Tout le Monde Veut Prendre Sa Place France 2 Nagui
82%
C'est Canteloup TF1 Alessandra Sublet
68%
C'est Mon Choix Nrj 12 Evelyne Thomas
60%
Journal du 13h (semaine) TF1 Marie-Sophie Lacarrau / Jacques Legros (remplaçant)
44%
C Dans l'Air France 5 Caroline Roux / Yves Calvi / Axel de Tarlé / Bruce Toussaint
23%
Enquête d'Action W9 Marie-Ange Casalta
16%
Aucun quiz correspondant
Distribution des résultats
% des personnes avec chaque résultat
Percentile par nombre de réponses
Votre historique - résultats
Vous n’avez pas pris ce quiz